Landen via hun Hoogste Punt - Statistieken

Algemene statistieken
  • Deze quiz is 3.734 keer genomen
  • De gemiddelde score is 14 van 20
Antwoordstatistieken
Meter Land % Correct
8848 China
96%
8848 Nepal
93%
8586 India
89%
5642 Rusland
87%
6191 Verenigde Staten
87%
5959 Canada
79%
6893 Chili
77%
6960 Argentinië
74%
8611 Pakistan
74%
6768 Peru
74%
7570 Bhutan
68%
6542 Bolivia
64%
7010 Kazachstan
64%
7492 Afghanistan
63%
5700 Colombia
63%
6267 Ecuador
60%
7495 Tadzjikistan
54%
7439 Kirgizië
53%
5892 Tanzania
49%
5881 Myanmar
42%
Geen overeenkomende quizzen gevonden
Scoreverdeling
Procent van Mensen met Elke Score
Percentiel versus Aantal Correcte Antwoorden
Uw Scoregeschiedenis
U heeft deze quiz nog niet genomen